000 00639nam a2200241Ia 4500
008 220204s9999 xx 000 0 und d
082 _a581.132
_bSES
245 0 _aPhotosynthesis during leaf development
260 _aDordecht
_bW Junk
_c1985
490 _aTasks for vegetation science. No 11
650 _aCarbon fixation
650 _aCarotenoid
650 _aChlorophyll
650 _aChloroplast
650 _aElectron transport
650 _aGas exchange
650 _aLeaf development
650 _aLeaf ontogeny
650 _aPhotorespiration
650 _aPhotosynthesis
700 _aSESTAK, Zdenek
942 _cBK
999 _c39668
_d39668